[Event "1/64 Finale"]
[Site "www.chess-mail.com"]
[Date "2017.12.12"]
[Round "1"]
[White "Ssharp"]
[Black "Claudia"]
[WhiteElo "2190"]
[BlackElo "1990"]
[Result "1-0"]
[Round "1"]
1.e4 e6
2.d4 d5
3.e5 c5
4.c3 Nb8c6
5.Ng1f3 Qd8b6
6.Bf1e2 Ng8h6
7.Bc1xh6 gxh6
8.Qd1d2 Bc8d7
9.O-O O-O-O
10.dxc5 Bf8xc5
11.b4 Bc5f8
12.a4 Qb6c7
13.Qd2e3 Bf8g7
14.b5 Nc6xe5
15.Qe3xa7 b6
16.Qa7xc7 Kxc7
17.Nf3xe5 Bg7xe5
18.Rf1c1 Rd8a8
19.Ra1a2 Ra8a5
20.c4 dxc4
21.Rc1xc4 Kd6
22.f4 Be5f6
23.Ra2d2 Ke7
24.Rc4c7 Rh8d8
25.Be2d1 Ke8
26.Rc7b7 Bf6e7
27.Kf1 Be7b4
28.Rd2b2 Bd7xb5
29.axb5 Rd8xd1
30.Ke2 Rd1e1
31.Kf2 Re1e4
32.Kf3 Re4c4
33.Rb7xb6 Ra5a8
34.Nb1d2 Bb4xd2
35.Rb2xd2 Ra8a3
36.Kg4 e5
37.g3 exf4
38.gxf4 Ra3a4
39.Rd2f2 Ra4b4
40.Rb6xh6 Rb4xb5
41.Rh6xh7 Kf8
42.Rh7h5 Rb5b4
43.Rh5d5 Kg7
44.h4 Rb4a4
45.h5 Ra4b4
46.Kg5 Rb4a4
47.Rd5d7 Ra4b4
48.h6 Kg8
49.Rf2h2 Rb4b5
50.f5 { resign }
1-0

[Event "Fast Game"]
[Site "www.echecsemail.com"]
[Date "2017.12.12"]
[Round "1"]
[White "Rosario"]
[Black "Pangloss"]
[WhiteElo "1599"]
[BlackElo "1599"]
[Result "0-1"]
[Round "1"]
1.e4 e5
2.Ng1f3 Nb8c6
3.c3 Ng8f6
4.h3 d5
5.d3 dxe4
6.Bc1g5 exf3
7.Bg5xf6 fxg2
8.Bf6xd8 gxh1Q
9.Bd8g5 Bc8xh3
10.Qd1e2 f6
11.Nb1d2 fxg5
{ resign }
0-1

[Event "Tourn. n9652"]
[Site "www.chess-mail.com"]
[Date "2017.12.13"]
[Round "1"]
[White "Mitja"]
[Black "Pangloss"]
[WhiteElo "2030"]
[BlackElo "2159"]
[Result "0-1"]
[Round "1"]
1.d4 d5
2.e3 Ng8f6
3.c3 c5
4.dxc5 e6
5.h3 Bf8xc5
6.Ng1f3 O-O
7.Nb1d2 Nb8c6
8.Nd2b3 Bc5d6
9.Nf3d4 e5
10.Nd4xc6 bxc6
11.Bf1e2 Bc8f5
12.Nb3d2 Rf8e8
13.b3 Qd8d7
14.Bc1b2 c5
15.O-O e4
16.Rf1e1 Bf5xh3
17.gxh3 Qd7xh3
18.Nd2f1 Re8e5
19.f4 exf3
20.Be2xf3 Re5g5
21.Kf2 Nf6e4
22.Ke2 Rg5g2
23.Bf3xg2 Qh3xg2
24.Kd3 c4
25.Kd4 Qg2g6
26.bxc4 Ne4f2
{ resign }
0-1

[Event "Tourn. n9564"]
[Site "www.chess-mail.com"]
[Date "2017.12.13"]
[Round "1"]
[White "Abuelo"]
[Black "Norlavuaram"]
[WhiteElo "2170"]
[BlackElo "2130"]
[Result "1-0"]
[Round "1"]
1.e4 e5
2.Ng1f3 Qd8e7
3.Bf1c4 h6
4.d3 g6
5.Nb1c3 c6
6.a4 Bf8g7
7.O-O Ng8f6
8.h3 O-O
9.Bc1e3 d6
10.Qd1d2 Kh7
11.Rf1e1 Bc8e6
12.Bc4xe6 Qe7xe6
13.b3 Nb8d7
14.Be3g5 Nf6g8
15.Nc3e2 Nd7f6
16.Ne2g3 Kh8
17.Bg5e3 Ra8d8
18.Be3xa7 c5
19.Ba7b6 Rd8c8
20.Bb6a5 Rc8c6
21.Ba5c3  { time }
1-0

[Event "Tourn. n9595"]
[Site "www.chess-mail.com"]
[Date "2017.12.13"]
[Round "1"]
[White "Tarasch"]
[Black "Cal"]
[WhiteElo "1499"]
[BlackElo "1680"]
[Result "1-0"]
[Round "1"]
1.d4 d5
2.c4 dxc4
3.e3 e6
4.Bf1xc4 Ng8f6
5.Ng1f3 Nb8c6
6.O-O h6
7.Nb1c3 Bf8b4
8.Qd1c2 Bb4xc3
9.bxc3 a6
10.Bc1a3 Bc8d7
11.Ra1b1 b5
12.Bc4d3 Nc6e7
13.c4 bxc4
14.Bd3xc4 O-O
15.Rf1c1 c6
16.Nf3e5 Nf6d5
17.Bc4e2 Bd7e8
18.Qc2c5 a5
19.Be2f3 a4
20.Bf3xd5 cxd5
21.Qc5xe7 Qd8xe7
22.Ba3xe7 f6
23.Be7xf8 Kxf8
24.Ne5d3 Kg8
25.Rb1b7 g5
26.Rc1c7 Kf8
27.Nd3c5 Ra8d8
28.Nc5xe6 { resign }
1-0

[Event "Tourn. n9655"]
[Site "www.chess-mail.com"]
[Date "2017.12.13"]
[Round "1"]
[White "Apdash"]
[Black "Pangloss"]
[WhiteElo "2220"]
[BlackElo "2269"]
[Result "1-0"]
[Round "1"]
1.d4 Ng8f6
2.c4 e6
3.a3 c5
4.e3 d5
5.Ng1f3 Nb8c6
6.cxd5 exd5
7.Bf1e2 Bf8d6
8.dxc5 Bd6xc5
9.b4 Bc5d6
10.Bc1b2 O-O
11.O-O Bc8f5
12.b5 Nc6a5
13.Nf3d4 Bf5e4
14.Nb1c3 Ra8c8
15.Nc3xe4 Nf6xe4
16.Nd4f5 Ne4f6
17.Be2g4 Na5c4
18.Bb2xf6 { resign }
1-0

[Event "Tourn. n9640"]
[Site "www.chess-mail.com"]
[Date "2017.12.13"]
[Round "1"]
[White "Piekki"]
[Black "Fantomas"]
[WhiteElo "2130"]
[BlackElo "2230"]
[Result "0-1"]
[Round "1"]
1.e4 c5
2.Ng1f3 d6
3.d4 cxd4
4.Nf3xd4 Ng8f6
5.Nb1c3 g6
6.Bc1e3 Bf8g7
7.f3 O-O
8.Qd1d2 Nb8c6
9.O-O-O Nf6d7
10.Bf1c4 Nc6a5
11.Bc4e2 Rf8e8
12.h4 h5
13.Nc3d5 Na5c6
14.g4 e6
15.Be3g5 f6
{ resign }
0-1

[Event "Tourn. n9599"]
[Site "www.chess-mail.com"]
[Date "2017.12.13"]
[Round "1"]
[White "Norlavuaram"]
[Black "Vios"]
[WhiteElo "2140"]
[BlackElo "2170"]
[Result "0-1"]
[Round "1"]
1.e4 c6
2.d4 d5
3.Nb1d2 dxe4
4.Nd2xe4 Ng8f6
5.Ne4xf6 gxf6
6.Ng1f3 Rh8g8
7.g3 Bc8g4
8.Bf1g2 Nb8d7
9.h3 Bg4h5
10.Qd1d3 Bh5g6
11.Qd3b3 Qd8b6
12.O-O Qb6xb3
13.cxb3 e6
14.Bc1e3 Nd7b6
15.Ra1c1 Nb6d5
 { time }
0-1

[Event "Tourn. n9589"]
[Site "www.chess-mail.com"]
[Date "2017.12.13"]
[Round "1"]
[White "Fantomas"]
[Black "Falcoale"]
[WhiteElo "2130"]
[BlackElo "2020"]
[Result "0-1"]
[Round "1"]
1.c4 Ng8f6
2.Nb1c3 e6
3.a3 b6
4.Ng1f3 Bc8b7
5.e3 Bf8e7
6.Bf1e2 O-O
7.Qd1c2 d5
8.cxd5 Nf6xd5
9.O-O a6
10.d4 Be7f6
11.b4 Nd5xc3
12.Qc2xc3 Nb8d7
13.Bc1b2 c5
14.bxc5 bxc5
15.Qc3d2 Ra8c8
16.Ra1c1 Bf6e7
17.Rf1d1 cxd4
18.Nf3xd4 Nd7c5
19.Qd2e1 Qd8e8
20.Be2f3 Bb7xf3
21.Nd4xf3 Qe8b5
22.Rc1b1 Qb5a4
23.Rd1d4 Qa4c6
24.Rb1c1 Qc6a8
25.Rd4d1 Nc5a4
26.Rc1xc8 Rf8xc8
27.Bb2d4 Na4c5
28.Bd4c3 Nc5e4
29.Bc3b4 Be7xb4
30.Qe1xb4 a5
31.Qb4b2 Ne4f6
32.Qb2d4 Nf6d5
33.h3 Nd5c3
34.Rd1d2 h6
35.Qd4d7 Nc3e4
36.Rd2e2 Ne4f6
37.Qd7d1 Nf6d5
38.Re2c2 Rc8d8
39.Rc2d2 Rd8c8
40.Qd1a1 a4
41.Nf3d4 Rc8c5
42.Qa1b2 Qa8f8
43.Nd4e2 Nd5f6
44.Ne2c3 Qf8c8
45.Nc3xa4 Rc5c1
46.Kh2 Qc8c7
47.f4 Nf6d5
48.Rd2e2 Nd5xf4
49.exf4 Qc7xf4
{ resign }
0-1

[Event "Tourn. n9611"]
[Site "www.chess-mail.com"]
[Date "2017.12.13"]
[Round "1"]
[White "Begory"]
[Black "Bluetealeaf"]
[WhiteElo "1520"]
[BlackElo "1620"]
[Result "0-1"]
[Round "1"]
1.d4 d5
2.Bc1f4 Bc8e6
3.Nb1c3 c6
4.e3 Qd8b6
5.Ra1b1 Ng8f6
6.Nc3a4 Qb6a5
7.Na4c3 Nf6e4
8.Qd1d3 Ne4xc3
9.Qd3xc3 Qa5xa2
10.Rb1d1 Nb8d7
11.Qc3b4 a5
12.Qb4xb7 Ra8b8
13.Bf4xb8 f5
14.Qb7c8 Kf7
15.Qc8xc6 Qa2xb2
16.Bf1d3 g6
17.Qc6b5 Qb2c3
18.Ke2 Bf8h6
19.Bb8e5 Nd7xe5
20.Ng1f3 Ne5g4
21.h4 Rh8c8
22.Qb5b3 Qc3xb3
23.Rd1b1 Qb3c3
24.Rb1b3 Qc3c6
25.Rh1h3 a4
26.Rb3a3 Rc8b8
27.Nf3d2 f4
28.f3 Ng4xe3
29.h5 g5
30.g3 Be6xh3
31.g4 Ne3xc2
{ resign }
0-1

[Event "Tourn. n9586"]
[Site "www.chess-mail.com"]
[Date "2017.12.13"]
[Round "1"]
[White "Falcoale"]
[Black "Luban"]
[WhiteElo "2010"]
[BlackElo "2090"]
[Result "0-1"]
[Round "1"]
1.e4 c6
2.Ng1f3 d5
3.exd5 cxd5
4.b3 e6
5.Bc1b2 Ng8f6
6.d3 Bf8e7
7.Bf1e2 Nb8c6
8.O-O O-O
9.Nb1d2 a6
10.c4 d4
11.Nd2e4 Nf6xe4
12.dxe4 e5
13.Qd1c2 Nc6b4
14.Qc2c1 Nb4c6
15.Rf1d1 Be7f6
16.h3 Bc8e6
17.Be2d3 Rf8e8
18.Bb2a3 h6
19.Nf3h2 Bf6g5
20.Qc1c2 Ra8c8
21.Nh2f3 Qd8a5
22.Nf3xg5 hxg5
23.Rd1b1 Qa5xa3
24.Qc2e2 Nc6b4
25.Rb1d1 Nb4xd3
26.Qe2xd3 Qa3e7
27.Qd3g3 f6
28.Rd1d3 b5
29.Ra1c1 bxc4
30.bxc4 Rc8xc4
31.Rc1a1 Rc4c2
32.a4 Re8b8
33.a5 Rb8b2
34.Rd3f3 Qe7c5
35.h4 g4
36.Rf3d3 Be6c4
37.Rd3d1 d3
38.Qg3xg4 Qc5xf2
{ resign }
0-1

[Event "Tourn. n9587"]
[Site "www.chess-mail.com"]
[Date "2017.12.13"]
[Round "1"]
[White "Norlavuaram"]
[Black "Vios"]
[WhiteElo "2160"]
[BlackElo "2140"]
[Result "0-1"]
[Round "1"]
1.e4 c6
2.d4 d5
3.Nb1d2 dxe4
4.Nd2xe4 Bc8f5
5.Ne4g3 Bf5g6
6.Ng1f3 h6
7.Bf1e2 e6
8.O-O Ng8f6
9.h3 Nb8d7
10.c4 Bf8e7
11.b3 O-O
12.Nf3h4 Bg6h7
13.Bc1b2 Ra8b8
14.Nh4f3 Qd8c7
15.Ra1c1 Be7d6
16.Ng3h1 Bd6f4
17.Rc1a1 Rf8d8
18.g3 Bf4d6
19.Ra1c1 e5
 { time }
0-1

[Event "Tourn. n9580"]
[Site "www.chess-mail.com"]
[Date "2017.12.13"]
[Round "1"]
[White "Awfen"]
[Black "Dussek"]
[WhiteElo "2050"]
[BlackElo "1810"]
[Result "1-0"]
[Round "1"]
1.e4 e6
2.Ng1f3 d5
3.exd5 Qd8xd5
4.Nb1c3 Qd5d8
5.Bf1e2 Ng8f6
6.O-O Bf8d6
7.d4 O-O
8.Bc1g5 Nb8d7
9.Be2c4 b6
10.d5 e5
11.Bc4b5 Bc8b7
12.a4 Nd7c5
13.b4 Nc5a6
14.Nc3e4 Bd6e7
15.c3 Nf6xe4
16.Bg5xe7 Qd8xe7
17.Bb5xa6 Bb7xa6
18.b5 Ba6b7
19.c4 Ne4c5
20.Rf1e1 e4
21.Qd1c2 Ra8e8
22.Nf3d4 f5
23.Re1e2 Qe7f6
24.Ra1d1 Nc5d3
25.Nd4e6 Rf8f7
26.Qc2d2 Bb7c8
27.Ne6f4 Nd3xf4
28.Qd2xf4 Qf6c3
29.d6 Qc3xc4
30.Re2d2 cxd6
31.Rd2xd6 Qc4xa4
32.Qf4d2 Qa4xb5
33.Qd2a2 a5
34.Rd1c1 Bc8a6
35.Rd6c6 Re8f8
36.Rc6c7 Qb5e8
37.Rc7c6 Kh8
38.Rc6xb6 Ba6d3
39.Qa2xa5 e3
40.Rc1e1 exf2
41.Kxf2 Bd3e4
42.Re1e2 Rf7e7
43.Re2b2 h6
44.Qa5c3 f4
45.Rb6xh6 Be4h7
46.Rb2d2 Re7e5
47.Rh6h3 Re5e3
48.Rh3xh7 Kxh7
49.Qc3c2 Kh8
50.Rd2d5 f3
51.Rd5h5 Kg8
52.Qc2h7 Kf7
53.Rh5f5 Ke7
54.Qh7xg7 { resign }
1-0

[Event "Match"]
[Site "www.echecsemail.com"]
[Date "2017.12.13"]
[Round "1"]
[White "Lcbunghai"]
[Black "Irene"]
[WhiteElo "1960"]
[BlackElo "2030"]
[Result "0-1"]
[Round "1"]
1.e4 e5
2.Ng1f3 Nb8c6
3.d4 exd4
4.Bf1c4 Bf8b4
5.c3 dxc3
6.bxc3 Qd8f6
7.Qd1c2 Bb4c5
8.O-O Qf6g6
9.Nf3g5 Nc6e5
10.Bc4b3 Ng8f6
11.Kh1 h6
12.f4 hxg5
13.fxe5 Nf6xe4
14.Bb3xf7 Kd8
15.Bc1xg5 Qg6xg5
16.Qc2xe4 Qg5g3
{ resign }
0-1

[Event "Match"]
[Site "www.echecsemail.com"]
[Date "2017.12.13"]
[Round "1"]
[White "Tarasch"]
[Black "Cal"]
[WhiteElo "1499"]
[BlackElo "1680"]
[Result "1-0"]
[Round "1"]
1.d4 d5
2.c4 dxc4
3.e3 b5
4.a4 c6
5.axb5 cxb5
6.Qd1f3 b4
7.Qf3xa8 Qd8d6
8.Bf1xc4 e6
9.Qa8xa7 Bc8d7
10.Ng1f3 h6
11.O-O Nb8c6
12.Qa7a8 Nc6d8
13.Nf3e5 Bf8e7
14.Ne5xd7 Qd6xd7
15.Ra1a7 Qd7c6
16.Qa8xc6 Nd8xc6
17.Bc4b5 Kd8
18.Bb5xc6 Be7d6
19.Ra7d7 Kc8
20.Rd7xd6 Ng8f6
21.Bc6f3 Nf6d7
22.Bc1d2 b3
23.Rf1c1 Kd8
24.Bf3c6 Ke7
25.Rd6xd7 Kf6
26.Bc6a4 Rh8b8
27.Rc1c7 g5
28.Rd7xf7 Kg6
29.Nb1c3 Rb8b6
30.Rf7g7 Kh5
31.Ba4e8 Kg4
32.h3 Kf5
33.Be8g6 Kf6
34.Rc7f7 { resign }
1-0

[Event "Match"]
[Site "www.echecsemail.com"]
[Date "2017.12.13"]
[Round "1"]
[White "Lcbunghai"]
[Black "Chapi"]
[WhiteElo "1960"]
[BlackElo "2200"]
[Result "1-0"]
[Round "1"]
1.c4 g6
2.Ng1f3 Bf8g7
3.d4 Nb8c6
4.e4 b6
5.Nb1c3 Bc8b7
6.Bc1e3 Ng8f6
7.Bf1d3 Nc6b4
8.O-O O-O
9.a3 Nb4xd3
10.Qd1xd3 c5
11.d5 Nf6g4
12.h3 Ng4e5
13.Nf3xe5 Bg7xe5
14.f4 Be5g7
15.Ra1e1 d6
16.f5 Bb7c8
17.Nc3d1 e6
18.fxg6 fxg6
19.b3 exd5
20.Qd3xd5 Bc8e6
21.Qd5xe6 Kh8
22.Rf1xf8 Bg7xf8
23.Re1f1 Qd8e7
24.Qe6f6 Qe7xf6
25.Rf1xf6 Ra8e8
26.Nd1f2 Bf8g7
27.Rf6xd6 Bg7b2
28.a4 Bb2c3
29.Rd6d7 { resign }
1-0

[Event "Match"]
[Site "www.echecsemail.com"]
[Date "2017.12.13"]
[Round "1"]
[White "Billyg"]
[Black "Sahlapalat"]
[WhiteElo "1770"]
[BlackElo "1499"]
[Result "0-1"]
[Round "1"]
1.e4 c5
2.Ng1f3 d6
3.h3 Ng8f6
4.d3 g6
5.e5 dxe5
6.Bf1e2 Nb8c6
7.O-O Bf8g7
8.Rf1e1 O-O
9.b3 e4
10.dxe4 Nf6xe4
11.Qd1xd8 Rf8xd8
12.Be2b5 Bg7xa1
13.Nb1d2 Ne4xd2
14.Bc1xd2 Ba1f6
15.g4 Nc6d4
16.Nf3xd4 cxd4
17.g5 Bf6g7
18.Re1xe7 Bc8xh3
19.Re7xb7 Ra8b8
20.Rb7xb8 Rd8xb8
21.a4 Bh3f5
22.c4 dxc3
23.Bd2c1 Rb8d8
24.Kf1 Rd8d1
{ resign }
0-1

[Event "Match"]
[Site "www.echecsemail.com"]
[Date "2017.12.13"]
[Round "1"]
[White "Ztornad"]
[Black "Susov"]
[WhiteElo "1550"]
[BlackElo "1770"]
[Result "1-0"]
[Round "1"]
1.Nb1c3 e5
2.e4 Ng8f6
3.Bf1c4 Bf8c5
4.Ng1h3 h6
5.Qd1e2 Nb8c6
6.O-O d6
7.d3 Nc6d4
8.Qe2d2 Bc8xh3
9.Nc3e2 Nd4xe2
10.Qd2xe2 Bh3g4
11.Qe2e1 Qd8d7
12.h3 Bg4xh3
13.Kh1 a6
14.Bc1e3 Bh3xg2
15.Kxg2 Qd7g4
16.Kh2 Qg4h4
17.Kg2 Nf6g4
18.Rf1h1 Ng4xe3
19.fxe3 Qh4g4
20.Kh2 g5
21.Rh1g1 Qg4d7
22.Rg1g3 O-O-O
23.Rg3f3 Rd8f8
24.Rf3f5 f6
25.Qe1f2 Qd7e7
26.a3 h5
27.Bc4d5 c6
28.Bd5b3 h4
29.c4 h3
30.Bb3d1 g4
31.Bd1xg4 Rf8g8
32.Ra1g1 Qe7f7
33.Rf5xf6 Qf7d7
34.Bg4xd7 Kxd7
35.Rf6f7 Kc8
36.Rg1xg8 Rh8xg8
37.Rf7f8 { resign }
1-0

[Event "Match"]
[Site "www.echecsemail.com"]
[Date "2017.12.13"]
[Round "1"]
[White "Bojan"]
[Black "Mitja"]
[WhiteElo "1980"]
[BlackElo "2020"]
[Result "1/2-1/2"]
[Round "1"]
1.e4 d5
2.e5 d4
3.h3 a6
4.Bf1c4 e6
5.d3 Nb8c6
6.a3 Nc6xe5
7.Bc4b3 Ne5c6
8.Bc1f4 Bf8d6
9.Qd1f3 Bd6xf4
10.Qf3xf4 Ng8e7
11.Ng1f3 Ne7g6
12.Qf4g3 h6
13.Nb1d2 Nc6a5
14.Bb3a2 c5
15.O-O Na5c6
16.Rf1e1 O-O
17.Nd2c4 b5
18.Nc4e5 Nc6xe5
19.Nf3xe5 Ng6xe5
20.Re1xe5 Qd8c7
21.Ra1e1 Bc8b7
22.Qg3g4 Ra8d8
23.Qg4h5 Qc7c6
24.f3 Rd8c8
25.Qh5g4 Rf8e8
26.Re5h5 Kh7
27.Rh5e5 Qc6d7
28.Kf2 Kg8
29.Qg4h5 Qd7c7
30.Qh5h4 Qc7d7
31.g4 Bb7d5
32.Ba2xd5 exd5
33.Qh4h5 Re8xe5
34.Re1xe5 Rc8d8
35.f4 f6
36.Re5e2 Qd7d6
37.Kf3 a5
38.Re2e8 Rd8xe8
39.Qh5xe8 Kh7
40.Qe8xb5 Qd6c7
41.Qb5e8 c4
42.Qe8b5 cxd3
43.Qb5xd3 Kh8
44.Qd3d2 Qc7c5
45.h4 a4
46.Qd2c1 { draw }
1/2-1/2

[Event "Match"]
[Site "www.echecsemail.com"]
[Date "2017.12.13"]
[Round "1"]
[White "Pangloss"]
[Black "Billyg"]
[WhiteElo "1809"]
[BlackElo "1770"]
[Result "1-0"]
[Round "1"]
1.e4 e5
2.f4 exf4
3.Bf1c4 Ng8f6
4.Nb1c3 Qd8e7
5.d3 g5
6.h4 gxh4
7.Bc1xf4 Nb8c6
8.Ng1f3 Nf6g4
9.Nc3d5 Qe7d8
10.Bf4xc7 Qd8g5
11.Nf3xg5 Ng4e5
12.Nd5f6 Ke7
13.Ng5xf7 Ne5xf7
14.Qd1h5 Nc6e5
15.Bc4xf7 Ne5xf7
16.O-O { resign }
1-0

[Event "Match"]
[Site "www.echecsemail.com"]
[Date "2017.12.13"]
[Round "1"]
[White "Apdash"]
[Black "Add"]
[WhiteElo "2260"]
[BlackElo "2160"]
[Result "1-0"]
[Round "1"]
1.e4 d6
2.d4 c6
3.Ng1f3 h6
4.Bf1c4 e6
5.d5 e5
6.dxc6 Nb8xc6
7.O-O Ng8f6
8.Nb1d2 a6
9.a4 Bf8e7
10.c3 O-O
11.Qd1c2 Nc6a5
12.Bc4a2 b5
13.b4 Na5c4
14.Nd2xc4 bxc4
15.Ba2xc4 Bc8b7
16.Rf1e1 Qd8c7
17.Bc4b3 Rf8c8
18.Bc1d2 Qc7c6
19.Qc2a2 Rc8f8
20.Bb3d5 Nf6xd5
21.exd5 Qc6xd5
22.Qa2xd5 Bb7xd5
23.Bd2e3 Rf8c8
24.Ra1c1 Bd5xf3
25.gxf3 Rc8c4
26.a5 Ra8c8
27.Be3d2 Be7g5
28.Bd2xg5 hxg5
29.Re1d1 Rc8c6
30.Kf1 g4
31.fxg4 Rc4xg4
32.c4 Rg4h4
33.b5 axb5
34.cxb5 Rc6xc1
35.Rd1xc1 Rh4b4
36.Rc1c8 Kh7
37.b6 Rb4b5
38.Rc8a8 Kg6
39.Ra8a7 d5
40.b7 { resign }
1-0

[Event "Fast Game"]
[Site "www.echecsemail.com"]
[Date "2017.12.13"]
[Round "1"]
[White "Attatroll"]
[Black "Pellix84"]
[WhiteElo "1780"]
[BlackElo "1650"]
[Result "0-1"]
[Round "1"]
1.e4 c6
2.Ng1f3 d5
3.exd5 cxd5
4.Nf3e5 Nb8c6
5.Bf1b5 Qd8c7
6.d4 Bc8f5
7.O-O e6
8.c3 Bf8d6
9.Qd1a4 Ng8e7
10.g4 Bd6xe5
11.dxe5 Bf5xg4
12.f4 O-O
13.Bc1e3 a6
14.Bb5xc6 bxc6
15.Nb1d2 c5
16.Nd2b3 c4
17.Nb3d4 f6
18.Qa4c2 fxe5
19.fxe5 Qc7xe5
20.Be3f4 Rf8xf4
21.Rf1xf4 Qe5xf4
22.Ra1f1 Qf4e3
23.Kh1 Ra8f8
24.Rf1xf8 Kxf8
25.Qc2xh7 Ne7f5
26.Nd4xf5 exf5
27.Qh7h8 Kf7
28.h4 Bg4f3
29.Kh2 Qe3f2
30.Kh3 Qf2g2
{ resign }
0-1

[Event "Tourn. n9650"]
[Site "www.chess-mail.com"]
[Date "2017.12.14"]
[Round "1"]
[White "Pangloss"]
[Black "Claymil"]
[WhiteElo "1809"]
[BlackElo "2030"]
[Result "1-0"]
[Round "1"]
1.e4 c5
2.d4 cxd4
3.c3 dxc3
4.Nb1xc3 Nb8c6
5.Bf1c4 e6
6.Ng1f3 h6
7.O-O a6
8.Qd1e2 g6
9.e5 Bf8g7
10.Nc3e4 d5
11.exd6 b5
12.Bc4d3 Bc8b7
13.Ne4c5 Bb7c8
14.Bd3e4 Qd8xd6
15.Rf1d1 Qd6c7
16.Bc1f4 e5
17.Nf3xe5 Ng8e7
18.Be4xc6 Kf8
19.Ne5xg6 { resign }
1-0

[Event "Tourn. n9624"]
[Site "www.chess-mail.com"]
[Date "2017.12.14"]
[Round "1"]
[White "Marbachess"]
[Black "Apdash"]
[WhiteElo "2570"]
[BlackElo "2260"]
[Result "1-0"]
[Round "1"]
1.f4 e5
2.fxe5 d6
3.exd6 Bf8xd6
4.Ng1f3 Ng8f6
5.g3 Bc8g4
6.Bf1g2 c6
7.d4 Qd8c7
8.Qd1d3 O-O
9.e4 Rf8e8
10.e5 Nf6d5
11.Nf3g5 g6
12.O-O Bd6xe5
13.dxe5 Qc7b6
14.Kh1 Bg4f5
15.Rf1xf5 Nd5b4
16.Qd3c4 Re8e7
17.Rf5xf7 { resign }
1-0

[Event "Tourn. n9504"]
[Site "www.chess-mail.com"]
[Date "2017.12.14"]
[Round "1"]
[White "Scasan55"]
[Black "Ssharp"]
[WhiteElo "2040"]
[BlackElo "2190"]
[Result "0-1"]
[Round "1"]
1.e4 e6
2.d4 d5
3.e5 c5
4.c3 Nb8c6
5.Ng1f3 Qd8b6
6.Bf1d3 cxd4
7.cxd4 Bc8d7
8.Bd3c2 Bf8b4
9.Nb1d2 Nc6xd4
10.O-O Nd4xf3
11.Nd2xf3 Qb6d8
12.Bc2a4 b5
13.Ba4c2 Ng8e7
14.Bc1g5 h6
15.Bg5h4 g5
16.Bh4g3 O-O
17.Qd1d3 Ne7g6
18.h3 Ra8c8
19.Ra1c1 a6
20.a3 Bb4e7
21.Nf3h2 Kg7
22.Qd3e2 f5
23.exf6 Be7xf6
24.Nh2g4 Bf6xb2
25.Bc2xg6 Bb2xc1
26.Qe2d3 Bc1f4
27.Bg3xf4 Rf8xf4
28.Bg6h5 Bd7e8
29.g3 Rf4f5
30.Qd3d4 e5
31.Qd4d3 e4
32.Qd3d4 Kh7
33.Bh5xe8 Qd8xe8
34.Ng4f6 Rf5xf6
35.Qd4xf6 Qe8c6
36.Qf6f5 Kg8
37.h4 Rc8f8
38.Qf5g4 Qc6f6
39.hxg5 hxg5
40.Kg2 Qf6f3
41.Qg4xf3 Rf8xf3
42.Rf1c1 Rf3xa3
43.Rc1c5 Ra3d3
44.Rc5c6 Kf7
45.Rc6xa6 b4
46.Ra6b6 b3
47.g4 d4
48.Kf1 Rd3c3
49.Ke1 d3
50.Kd2 Rc3c2
{ resign }
0-1

[Event "Tourn. n9586"]
[Site "www.chess-mail.com"]
[Date "2017.12.14"]
[Round "1"]
[White "Nulladies"]
[Black "Falcoale"]
[WhiteElo "1930"]
[BlackElo "2030"]
[Result "1-0"]
[Round "1"]
1.d4 Ng8f6
2.Bc1f4 b6
3.e3 Bc8b7
4.c3 e6
5.Nb1d2 Bf8e7
6.Ng1f3 d5
7.Nf3e5 O-O
8.h4 Nb8d7
9.Bf1d3 Nd7xe5
10.dxe5 Nf6d7
11.Qd1c2 h6
12.g4 d4
13.exd4 Bb7xh1
14.O-O-O Bh1b7
15.Nd2e4 Ra8c8
16.h5 f5
17.gxf5 exf5
18.Bd3c4 Kh8
19.Ne4g3 Be7g5
20.Bf4d2 Bg5xd2
21.Qc2xd2 Bb7e4
22.Ng3xe4 fxe4
23.Bc4e6 Rc8b8
24.Qd2e3 Rf8e8
25.Be6f5 Qd8g5
26.Qe3xg5 hxg5
27.Bf5xd7 Re8f8
28.Rd1d2 Kh7
29.Bd7c6 Rf8f4
30.Rd2e2 Rb8f8
31.Bc6xe4 Kh6
32.f3 Rf4xf3
33.Be4xf3 g6
34.e6 Rf8xf3
35.e7 { resign }
1-0

[Event "Tourn. n9572"]
[Site "www.chess-mail.com"]
[Date "2017.12.14"]
[Round "1"]
[White "Tonino1"]
[Black "Piriot"]
[WhiteElo "2340"]
[BlackElo "2480"]
[Result "0-1"]
[Round "1"]
1.d4 d6
2.f4 f5
3.e3 Ng8f6
4.Ng1f3 g6
5.Bf1d3 Bf8g7
6.O-O O-O
7.Nb1d2 Nb8c6
8.c3 e5
9.fxe5 dxe5
10.Bd3c4 Kh8
11.dxe5 Nf6g4
12.Qd1e2 Ng4xe5
13.Nf3xe5 Nc6xe5
14.Bc4b3 b6
15.e4 f4
16.Nd2f3 Bc8g4
17.Bc1d2 Qd8e7
18.Qe2b5 Ra8d8
19.Nf3xe5 Bg7xe5
20.Rf1f2 Bg4d7
21.Ra1f1 Bd7xb5
 { time }
0-1

[Event "Tourn. n9612"]
[Site "www.chess-mail.com"]
[Date "2017.12.14"]
[Round "1"]
[White "Esperanza"]
[Black "Caspito"]
[WhiteElo "1940"]
[BlackElo "1980"]
[Result "1-0"]
[Round "1"]
1.d4 Ng8f6
2.c4 g6
3.Nb1c3 Bf8g7
4.e4 d6
5.h3 O-O
6.Bc1g5 c6
7.Ng1f3 Nb8d7
8.Bf1e2 a6
9.Qd1d2 b6
10.O-O c5
11.e5 dxe5
12.dxe5 Nf6h5
13.g4 Nd7xe5
14.Qd2xd8 Rf8xd8
15.gxh5 Bc8xh3
16.Rf1d1 f6
17.Nf3xe5 fxg5
18.Ne5c6 Rd8e8
19.hxg6 hxg6
20.Be2f3 Ra8c8
21.Ra1c1 g4
22.Bf3h1 e5
23.Bh1e4 Kh7
24.Rd1d6 Rc8c7
25.Be4xg6 { resign }
1-0

[Event "Tourn. n9588"]
[Site "www.chess-mail.com"]
[Date "2017.12.14"]
[Round "1"]
[White "Pachi"]
[Black "Passaroa25"]
[WhiteElo "1630"]
[BlackElo "1670"]
[Result "0-1"]
[Round "1"]
1.e4 c6
2.b3 d6
3.Bc1b2 Bc8e6
4.c4 f6
5.f4 Be6f7
6.e5 dxe5
7.fxe5 e6
8.Qd1e2 Ng8e7
9.exf6 Ne7f5
10.fxg7 Bf8xg7
11.Bb2xg7 Nf5xg7
12.Qe2e5 O-O
13.Ng1h3 Ng7f5
14.Nh3f4 Nb8d7
15.Qe5e2 Nf5d4
16.Qe2g4 Kh8
17.Bf1d3 Nd7e5
18.Qg4h3 Ne5xd3
19.Qh3xd3 e5
20.Nf4e2 Bf7g6
21.Qd3g3 Nd4c2
22.Kd1 Nc2xa1
23.Qg3xe5 Qd8f6
24.Qe5xf6 Rf8xf6
25.Nb1a3 Rf6f2
26.g3 Bg6c2
27.Na3xc2 Na1xc2
28.Kxc2 Rf2xe2
29.h4 Ra8d8
30.Kc3 Re2xd2
31.g4 c5
32.a3 Rd8d3
{ resign }
0-1

[Event "Tourn. n9566"]
[Site "www.chess-mail.com"]
[Date "2017.12.14"]
[Round "1"]
[White "Tonino1"]
[Black "Norlavuaram"]
[WhiteElo "2260"]
[BlackElo "2130"]
[Result "0-1"]
[Round "1"]
1.d4 Ng8f6
2.f4 d5
3.e3 e6
4.Bf1d3 Nb8d7
5.Ng1f3 c5
6.c3 a6
7.O-O b5
8.Nf3e5 c4
9.Bd3c2 Bf8d6
10.Nb1d2 O-O
11.e4 Bc8b7
12.Ne5xf7 Rf8xf7
13.e5 Bd6e7
14.exf6 Nd7xf6
15.Nd2f3 Nf6d7
16.Nf3e5 Nd7xe5
17.fxe5 Rf7xf1
18.Kxf1 Qd8d7
19.Qd1h5 g6
20.Bc2xg6 hxg6
21.Qh5xg6 Kh8
22.Qg6h5 Kg8
23.Qh5g6 Kh8
24.Bc1h6 Be7f8
25.Bh6g5 Bf8g7
26.Qg6h5 Kg8
27.Kg1 Ra8f8
28.Ra1e1 Qd7f7
29.Qh5h4 Qf7g6
30.Qh4g4 Rf8f5
31.h4 Bg7h6
 { time }
0-1

[Event "Tourn. n9532"]
[Site "www.chess-mail.com"]
[Date "2017.12.14"]
[Round "1"]
[White "Ssharp"]
[Black "Norlavuaram"]
[WhiteElo "2200"]
[BlackElo "2070"]
[Result "1-0"]
[Round "1"]
1.e4 e5
2.Ng1f3 Nb8c6
3.Bf1c4 Bf8e7
4.d3 Ng8f6
5.O-O O-O
6.Nb1c3 d6
7.h3 Nc6a5
8.Bc4b3 Na5xb3
9.axb3 a6
10.b4 c6
11.Bc1e3 Qd8c7
12.Rf1e1 d5
13.exd5 cxd5
14.Nc3a2 Bc8f5
15.c3 Rf8e8
16.Nf3h4 Bf5e6
17.Nh4f3 Be7d6
18.Na2c1 Ra8c8
19.Be3g5 Nf6d7
20.Nc1e2 f6
21.Bg5d2 Rc8d8
22.Qd1a4 e4
23.dxe4 Be6f7
24.exd5 Bf7xd5
25.Ne2d4 Nd7e5
26.Nf3xe5 Bd6xe5
27.Bd2e3 Qc7f7
28.b5 Qf7g6
29.g4 axb5
30.Qa4c2  { time }
1-0

[Event "Match"]
[Site "www.echecsemail.com"]
[Date "2017.12.14"]
[Round "1"]
[White "Irene"]
[Black "Darknight"]
[WhiteElo "2080"]
[BlackElo "1780"]
[Result "1-0"]
[Round "1"]
1.d4 d5
2.Nb1c3 e6
3.Ng1f3 h6
4.e4 dxe4
5.Nc3xe4 a6
6.Bf1e2 Nb8c6
7.O-O Ng8f6
8.Nf3e5 Bf8d6
9.Ne5xc6 bxc6
10.Ne4xf6 gxf6
11.Be2h5 Ke7
12.Bc1e3 Qd8g8
13.Bh5f3 Bc8d7
14.c4 e5
15.c5 Bd6xc5
16.dxc5 Bd7h3
17.Bf3xc6 Ra8d8
18.Qd1a4 Qg8g7
19.Kh1 Bh3d7
20.Ra1d1 Rh8g8
21.g3 f5
22.Bc6xd7 h5
23.h4 f4
24.c6 fxe3
25.Qa4b4 { resign }
1-0

[Event "Match"]
[Site "www.echecsemail.com"]
[Date "2017.12.14"]
[Round "1"]
[White "Ericleo1980"]
[Black "Joaodelisboa"]
[WhiteElo "2280"]
[BlackElo "1899"]
[Result "1-0"]
[Round "1"]
1.e4 c5
2.Ng1f3 e6
3.d4 cxd4
4.Nf3xd4 Ng8f6
5.Nb1c3 d6
6.Bc1e3 a6
7.f3 Bf8e7
8.g4 e5
9.Nd4e2 Qd8a5
10.g5 Nf6d7
11.Qd1d2 b5
12.a3 Nb8c6
13.O-O-O b4
14.Nc3d5 Ra8b8
15.Nd5xe7 bxa3
16.Qd2xa5 axb2
17.Kb1 Nc6xa5
18.Ne7xc8 Rb8xc8
19.Ne2g3 Rc8c3
20.Rd1d3 Rc3c6
21.Rd3a3 Na5c4
22.Bf1xc4 Rc6xc4
23.Kxb2 O-O
24.Ng3f5 Rf8b8
25.Ra3b3 Rb8xb3
26.cxb3 { resign }
1-0

[Event "Match"]
[Site "www.echecsemail.com"]
[Date "2017.12.14"]
[Round "1"]
[White "Pangloss"]
[Black "Nulladies"]
[WhiteElo "1809"]
[BlackElo "1880"]
[Result "1-0"]
[Round "1"]
1.e4 c5
2.Ng1f3 g6
3.c3 Nb8c6
4.d4 cxd4
5.cxd4 d5
6.exd5 Nc6b8
7.Nb1c3 Ng8f6
8.Bf1c4 Bf8g7
9.O-O O-O
10.Rf1e1 Nb8d7
11.Bc4b3 Nd7b6
12.Bc1g5 Nb6xd5
13.Nf3e5 Nd5xc3
14.bxc3 h6
15.Bg5xf6 Bg7xf6
16.Ne5xg6 Rf8e8
17.Ng6e5 Bf6xe5
18.Re1xe5 Kf8
19.Qd1h5 Qd8d6
20.Qh5xf7 { resign }
1-0